MDQL
is popping MORE tags! Check the
thread
!
Quizzes
Events
Quiz Creation
Community
Videos
Private Events
Remove Ads
Sign In
Join for FREE
Feedback
Dark Mode
Quiz Categories
Sports
Geography
Music
Movies
Television
Just For Fun
Miscellaneous
History
Literature
Language
Science
Gaming
Entertainment
Religion
Holiday
For Kids
Quiz Lab
Recent
Popular Today
Quiz Kudos Today
Editor Picks
Curator Picks
Quizzes by...
Day
Popularity
Type
Ratings
Length
Year
Community
Subscriptions
Recent Discussions
Orange Saloon
Badges
Playlists
Quests
Create
Leaderboards
Showdown
Live 5
Trivia Bingo
Activity
Puzzle Library
Sporcle Events
Private Events
Virtual Trivia
Globe League
Become a Host
Pub Owners
SporcleCon
Opinionation
Our Games
Videos
Blog
Mobile Apps
Partnerships
Remove Ads and Go Orange
Feedback
Music
Pop Music
The Beatles
Song
Album
Lyrics
Bands
Singers
Artist
Clip
Rock
Rap
Classical
Billboard
Country Music
Kpop
Taylor Swift
Music
Pop Music
The Beatles
Song
Album
Lyrics
Bands
Singers
Artist
Clip
Rock
Rap
Classical
Billboard
Country Music
Kpop
Taylor Swift
Random Quiz
Search Sporcle
×
Quiz Lab
Quiz Lab
Music
Classical
Type in answers that appear in a list
Type in answers that appear in a list
Classic
Best Score? Go Orange.
Classical Masterpiece Translations II Stats
Can you name the title of the piece in English?
By
jperlson
10m
20 Questions
71 Plays
71 Plays
71 Plays
Comments
Comments
Give Quiz Kudos
Give Quiz Kudos
-
- Ratings
hide this ad
Replay
Link that replays current quiz
Next Quiz
Link to next quiz in quiz playlist
You Got
0%
They Got
Avg Score
56%
Avg Friend Score
Upgrade to see
Score Distribution
Jump to the score distribution portion of the page
Score
0/20
Timer
10:00
0
Plays Today
Foreign Title
English Title
% Correct
Guillaume Tell
William Tell
95.8%
Le nozze di Figaro
The Marriage of Figaro
91.5%
L'apprenti sorcier
The Sorcerer's Apprentice
83.1%
Magyar rapszódiák
Hungarian Rhapsodies
74.6%
Johannespassion
St. John Passion
71.8%
Sinfonia Eroica
Heroic Symphony
69%
La forza del destino
The Force of Destiny
67.6%
Pini di Roma
Pines of Rome
67.6%
Ungarische Tänze
Hungarian Dances
67.6%
Eine Alpensinfonie
An Alpine Symphony
57.7%
Foreign Title
English Title
% Correct
Der Tod und das Mädchen
Death and the Maiden
54.9%
Clair de lune
Moonlight
53.5%
Das Rheingold
The Rhine Gold
49.3%
Le Poème de l'extase
The Poem of Ecstasy
45.1%
Marche au supplice
March to the Scaffold
43.7%
L'histoire du soldat
The Soldier's Tale
31%
Recuerdos de la Alhambra
Memories of the Alhambra
31%
Kindertotenlieder
Songs on the Death of Children
29.6%
Morgenstemning
Morning Mood
25.4%
Von heute auf morgen
From Today to Tomorrow
16.9%
Quiz Playlist
Details
Report
Send in Message
Add To Playlist
Classic:
Type in answers that appear in a list
Last Updated: Feb 16, 2017
Quiz Scoreboard
CHALLENGE
Sign Up to Join the Scoreboard
Show All
Scores
Hide
Comments
May contain spoilers
Recently Published
Colored Red Africa Blitz
by spor1
Geography
30s
Find the 'City' Movie
by crazypaving
Movies
60s
5x2 Blitz: Bands
by SL_Kpop136
Music
30s
More to Explore
Quiz From the Vault
Featured Blog Post
14 Easter Pick-up Lines to Find Eggs With
hide this ad
You Might Also Like...
Tags
Classical Quiz
Composer
Today's Top Quizzes in Music
Browse Music
hide this ad
Today's Top Quizzes in Classical
Browse Classical
Top Contributed Quizzes in Music
1
5X2 Blitz: Bands II
2
5X2 Blitz: The Beatles
3
Taylor Swift All Songs (2024)
4
5X2 Blitz: Billboard
5
Taylor Swift Logic Puzzle II
6
5X2 Blitz: Billboard II
7
5X2 Blitz: Singers
8
5X2 Blitz: Album
9
5X2 Blitz: Rock
10
5X2 Blitz: Lyrics
Explore More
Trending Topics
Harry Potter
Kpop
Disney
NBA
Crossword
Anime
Marvel
Soccer
Country
WWE
NFL
Puzzle
Song
The Office
Pokémon
hide this ad
More By:
jperlson
Quiz
Plays
Rating
Category
Featured
Created
Identify the Piece by Sheet Music
2,078
4.06
Music
Apr 17, 2012
Identify the Piece by Sheet Music
2,078
4.06
Music
Apr 17, 2012
Classical Masterpiece Translations
281
4.43
Music
Apr 10, 2012
Classical Masterpiece Translations II
71
5.00
Music
Apr 16, 2012
Go to Creator's Profile
Score Distribution
Quiz Creator Spotlight
jperlson
Follow
Send a Message
Quizzes Created
-
Created Quiz Play Count
-
More By This Creator
Popular Quizzes Today
1
Colored Red Africa Blitz
2
Find the 'City' Movie
3
5x2 Blitz: Bands
4
Find the US States - No Outlines Minefield
5
The Countries of the World
6
Find the US States
7
US States
8
Find the Countries of Europe - No Outlines Minefield
More Music Quizzes
3rd Person Beatles
Editor's Pick
Trending Quizzes
Colored Red Europe Blitz I
Colored Red Europe Blitz II
Colored Red Africa Blitz II
Colored Red Europe Blitz III
Colored Red Africa Blitz III
Recently Updated
How Do You Spell That?
pecheneg
Godzilla Movies
pecheneg
Grab Bag: 4-10 Letters
pecheneg
2024 March Madness Bracket
pecheneg
Famous TV Couples
Peacemaker
Champions League XIs: Real Madrid
pecheneg
Largest US Cities 1790-2010
pecheneg
Rides in Walt Disney World
pecheneg
Most Oscar Losses (Acting)
pecheneg
Beyoncé Albums
pecheneg
Trending Topics
Disney
Marvel
Harry Potter
Kpop
Crossword
NBA
Anime
WWE
Country
Song
Puzzle
The Office
Pokémon
NFL
Soccer
Your Account Isn't Verified!
In order to create a playlist on Sporcle, you need to verify the email address you used during registration. Go to your
Sporcle Settings
to finish the process.
Report this User
Report this user for behavior that violates our
Community Guidelines
.
Details:
Send Report
Go to the Sporcle.com Mobile Site →
Comments